000 00994cam a2200289 a 4500
999 _c6259
_d6259
001 1442149
003 OSt
005 20200130151044.0
008 850513s1986 nyua b 001 0 eng
010 _a 85011404
020 _a0070197814 :
_c$31.95
020 _a9780070436022
040 _aDLC
_cDLC
_dDLC
050 0 0 _aQA76.9.D3
_bE93 1986
082 0 0 _a005.74
_220
_bEVE/D
100 _aEverest, Gordon C
_91417
245 1 0 _aDatabase management :
_bobjectives, system functions, and administration /
_cGordon C. Everest.
260 _aNew York :
_bMcGraw-Hill,
_cc1986.
300 _axvi, 816 p. :
_bill. ;
_c25 cm.
440 0 _aMcGraw-Hill series in management information systems
504 _aIncludes bibliographies and index.
650 0 _aDatabase management.
650 0 _aManagement information systems.
740 0 _aData base management.
906 _a7
_bcbc
_corignew
_d1
_eocip
_f19
_gy-gencatlg
942 _2ddc
_cBK
_h005.74
_iEVE/D
_k005.74
_mEVE/D